Biblioteca

Becoming a woman of strength : (Registro nro. 44307)

Detalles MARC
000 -LÍDER
Campo fijo de descripción fija 01653aam a2200361 i 4500
001 - NÚMERO DE CONTROL
Campo de control 768714001
003 - IDENTIFICADOR DEL NÚMERO DE CONTROL
Campo de control CO-MdFUSB
005 - FECHA Y HORA DE LA ULTIMA TRANSACCIÓN
control field 20250822115755.0
007 - CAMPO FIJO DE DESCRIPCIÓN FIJA--INFORMACIÓN GENERAL
Campo fijo de descripción fija ta
008 - ELEMENTOS DE LONGITUD FIJA -- INFORMACIÓN GENERAL
Campo fijo de descripción fija -- Información general 250822b |||||||| |||| 00| 0 eng d
020 ## - NÚMERO INTERNACIONAL NORMALIZADO PARA LIBROS
Número Internacional Normalizado del libro 0-87788-063-8
040 ## - FUENTE DE CATALOGACIÓN
Agencia que realiza la transcripción CO-MdFUSB
041 0# - CÓDIGO DE IDIOMA
Código de idioma para texto/pista de sonido o título separado eng
082 04 - NÚMERO DE CLASIFICACIÓN DECIMAL DEWEY
Número de la edición del Dewey 23
Número de clasificación 248.843
Clave de autor-Numero de item B2931b
100 1# - ASIENTO PRINCIPAL--NOMBRE PERSONAL
Nombre personal Barton, R. Ruth
Término relacionador autor
245 10 - TÍTULO
Título del Material Becoming a woman of strength :
Parte restante del título - Subtitulo 14 Life Challenges for Women--and the Men Who Love Them.
Mención de responsabilidad, etc. / R. Ruth Barton
264 #1 - PRODUCCIÓN, PUBLICACIÓN, DISTRIBUCIÓN, MANUFACTURA, Y COPYRIGHT
Nombre del productor, publicador, distribuidor Harold Shaw Publishers,
Lugar de producción, publicación, distribución, manufactura Wheaton, Illinois :
Fecha de producción, publicación, distribución, manufactura, o copyright [1994]
264 #4 - PRODUCCIÓN, PUBLICACIÓN, DISTRIBUCIÓN, MANUFACTURA, Y COPYRIGHT
Fecha de producción, publicación, distribución, manufactura, o copyright ©1994
300 ## - DESCRIPCIÓN FÍSICA
Extensión 280 páginas
336 ## - TIPO DE CONTENIDO
Término de tipo de contenido texto
Código de tipo de contenido txt
Fuente rdacontent
337 ## - TIPO DE MEDIO
Fuente rdamedia
Nombre del tipo de medio sin mediación
Código del tipo de medio n
338 ## - TIPO DE SOPORTE
Fuente rdacarrier
Nombre del tipo de soporte volumen
Código Tipo de soporte nc
500 ## - NOTA GENERAL
Nota General Tabla de contenido traducida por la agencia catalogadora
504 ## - NOTA DE BIBLIOGRAFÍA, ETC.
Nota de bibliografía, etc Incluye referencias bibliográficas.
505 ## - NOTA DE CONTENIDO
Nota de contenido con formato preestablecido El poder de la escogencia. -- Buscando amor en todos los lugares equivocados. -- Viviendo una vida con propósito. -- ¿Cómo Dios mira las mujeres? -- Juegos que la gente juega. -- El mundo de "no es suficiente". -- Un matrimonio que funciona. -- Batallando por su matrimonio. -- La jornada sexual. -- Niños: ¿ pesadilla o bendición? --Cuando la vida es lejos de perfecta. -- Mujer a mujer: enseñándose entre generaciones. -- Mujeres y hombres: trabajando juntos. -- La mujer cristiana de hoy: a la imagen de Cristo en medio de la controversia.
563 ## - NOTA DE ENCUADERNACIÓN
Nota de encuadernación Rústico
653 ## - TÉRMINO DE INDIZACIÓN - NO CONTROLADO
Término no controlado Toma de decisiones -- Aspectos religiosos -- Cristianismo
653 ## - TÉRMINO DE INDIZACIÓN - NO CONTROLADO
Término no controlado Conducta de vida
653 ## - TÉRMINO DE INDIZACIÓN - NO CONTROLADO
Término no controlado Mujeres cristiana
942 ## - TIPO DE MATERIAL (KOHA)
Tipo de Item KOHA Libros General
945 ## - INFORMACIÓN LOCAL DEL REGISTRO
Catalogador JTF-925
Existencias
Estado de Material Estado de Perdido Estado de Dañado No para Préstamo Colección Tomo Biblioteca de Origen Biblioteca Permanente Fecha de Adquisición Total de Préstamos Signatura Topográfica Código de Barras Última vez visto Última vez Préstado Ejemplar/Existencia Fecha de Remplazo Tipo de Material
        Colección General   Biblioteca FUSBC Biblioteca FUSBC 08/08/2012 1 G 248.843 B2931b 17635 12/12/2019 11/07/2016 1 26/01/2016 Libros General

Biblioteca FUSBC | Teléfono: (57+4) 349 88 10 Ext. 141| WhatsApp (+57) 3005338115 
E-mail: biblioteca@unisbc.edu.co | Calle 76 87-14 Robledo Palenque, Medellín, Colombia

Con tecnología Koha